000 00361nam a2200145Ia 4500
008 230917s9999||||xx |||||||||||||| ||und||
040 _e74094
_aMAIN
041 _aEnglish
082 _a658.4 H965C
100 _aHussey, D E
245 0 _aCorporate planning: theory and practice
260 _aOxford
_bPergamon
_c1976
300 _axiii, 399 p.
942 _cBK
999 _c191961
_d191961